Ընդհանուր տեղեկագիր Հայ Կարմիր Խաչի կեդր. վարչութեան : (Record no. 207550)
[ view plain ]
| 000 -LEADER | |
|---|---|
| fixed length control field | 00671nam a2200181 a 4500 |
| 001 - CONTROL NUMBER | |
| control field | 000546759 |
| 003 - CONTROL NUMBER IDENTIFIER | |
| control field | AM-YeHGA |
| 005 - DATE AND TIME OF LATEST TRANSACTION | |
| control field | 20250617135812.0 |
| 008 - FIXED-LENGTH DATA ELEMENTS--GENERAL INFORMATION | |
| fixed length control field | 070727s1917 ua r 000 0 arm d |
| 040 ## - CATALOGING SOURCE | |
| Original cataloging agency | AM-YeHGA |
| 041 0# - LANGUAGE CODE | |
| Language code of text/sound track or separate title | arm |
| 090 ## - LOCALLY ASSIGNED LC-TYPE CALL NUMBER (OCLC); LOCAL CALL NUMBER (RLIN) | |
| -- | 209054 |
| 110 1# - MAIN ENTRY--CORPORATE NAME | |
| Corporate name or jurisdiction name as entry element | Հայ յեղափոխական դաշնակցութիւն |
| Location of meeting | Գահիրէ |
| 245 10 - TITLE STATEMENT | |
| Title | Ընդհանուր տեղեկագիր Հայ Կարմիր Խաչի կեդր. վարչութեան : |
| Remainder of title | 1915 օգոստոս-1917 ցվերջ մարտ. |
| 260 ## - PUBLICATION, DISTRIBUTION, ETC. | |
| Place of publication, distribution, etc. | Գահիրէ : |
| Name of publisher, distributor, etc. | տպ. Սոկրատ եւ ընկ., |
| Date of publication, distribution, etc. | 1917. |
| 300 ## - PHYSICAL DESCRIPTION | |
| Extent | 56 էջ : |
| Other physical details | աղս. |
| 653 0# - INDEX TERM--UNCONTROLLED | |
| Uncontrolled term | Հայ Կարմիր Խաչ - Տեղեկագիր |
| Withdrawn status | Lost status | Damaged status | Not for loan | Collection | Home library | Current library | Date acquired | Total checkouts | Full call number | Barcode | Date last seen | Price effective from | Koha item type | Public note | Source of classification or shelving scheme |
|---|---|---|---|---|---|---|---|---|---|---|---|---|---|---|---|
| General | Fundamental Scientific Library | Fundamental Scientific Library | 28/12/2016 | AII/13869 | FL0012387 | 28/12/2016 | 28/12/2016 | Գրքեր / Books | 30 Days Loan | ||||||
| Alpoiajian Individual Collection | Fundamental Scientific Library | Fundamental Scientific Library | 18/01/2019 | Ալպ/291 | FL0533746 | 18/01/2019 | 18/01/2019 | Գրքեր / Books | ILL Non-Circ | Universal Decimal Classification |
ՀՀ Գիտությունների ազգային ակադեմիայի հիմնարար գիտական գրադարան = Fundamental Scientific Library of NAS RA
All site content, except where otherwise noted, is licensed under a